| 000 | 00751nam a2200229 4500 | ||
|---|---|---|---|
| 003 | OSt | ||
| 005 | 20260530115302.0 | ||
| 008 | 260421b1989 mx |||| |||| 00| 0 spa d | ||
| 040 |
_aICI _bspa _cICI |
||
| 050 |
_aT24.M6 _bC36 1989 |
||
| 100 | 1 |
_aCano Vallado, José _931348 |
|
| 245 | 1 | 0 |
_aIntroducción al estudio de la tecnologia en México / _cJosé Cano Vallado. |
| 260 |
_aMéxico : _bUniversidad Iberoamericana, _c 1989. |
||
| 300 |
_a158 páginas _c24 x 17 cm. |
||
| 336 |
_atexto _2rdacontent |
||
| 337 |
_asin medio _2rdamedia |
||
| 338 |
_avolumen _2rdacarrier |
||
| 500 | _aEjemplar dedicado y autografiado por el autor. | ||
| 650 | 4 |
_aTecnología. _xHistoria _zMéxico - |
|
| 650 | 4 |
_aTecnología y civilización. _925877 |
|
| 942 |
_2lcc _cBK |
||
| 999 |
_c12894 _d12894 |
||